000 00631nam a2200241 i 4500
001 C2-0233659
003 PPAK
005 20180727194411.0
008 010607s2000 enk |||| ||||| | eng d
020 _a0006483798
040 _aPPAK
_beng
_cPPAK
_erda
082 0 4 _a823
_223
090 0 0 _a823
_bSIL
_dG
100 1 _aSilverberg, Robert,
_eauthor
245 1 0 _aMajipoor chronicles
264 1 _aLondon :
_bHarper Collins Publishers ,
_c2000
300 _a385 pages ;
_c18 cm
336 _2rdacontent
_atext
337 _2rdamedia
_aunmediated
338 _2rdacarrier
_avolume
650 1 0 _aEnglish Fiction
942 _ddc
_cB
999 _c50128
_d50128